00538nam a22001697a 450000500170000001000150001702000270003203500140005903700090007308200150008210000200009724500960011725000060021326000410021927000880026030000200034820260114123124.0 aENG-147451 a9789367134658c1180.00 aEN-130983 bDBAD a024.17126 aChopra, Anil K  aDynamics Of Structures : bTheory & Applications To Earthquake Engineering/cAnil K Chopra  a6 aNoidabPearson India Educationc2026 a15th Floor, Towe-B, World Trade Tower, Plot No.1, Block-C, Sector-16bNoidae201301 a978p.c23cm(pb)